| 000 | 00334 a2200145 4500 | ||
|---|---|---|---|
| 020 | _a9690015222 | ||
| 082 | _a358.40095491 | ||
| 090 |
_c3944 _d3944 |
||
| 100 | _aHussaini | ||
| 245 |
_aAir Warriors _cHussaini |
||
| 260 |
_aLahore _bFerozsons _c1998 |
||
| 300 | _a108p | ||
| 500 | _aHard cover | ||
| 942 |
_aNBS _cBK _k358.40095491 HUS |
||
| 999 |
_c346404 _d346404 |
||